000
00288nam a22001337a 4500
008
180927b xxu||||| |||| 00| 0 eng d
020
_a
0030627621
041
_a
eng
080
_a
370
100
_a
37
101
_a
EDU
245
_a
The Holt Handbook
_c
Mandell.K
942
_2
udc
_c
BK
999
_c
48555
_d
48555